000 01261namaa22002891i 4500
003 EG-GICUC
005 20260429161516.0
008 260429s1995 le ||||jr|||| 00| 0 ara d
040 _aEG-GiCUC
_bara
_cEG-GiCUC
_dEG-GiCUC
_erda
082 0 4 _221
_a920.00923927
_bZ81
092 0 4 _221
_a920.00923927
_bZ81
099 _a920.00923927 Z81 1995
100 1 _a‏زركلي، خير الدين
_d1893-1976
_eمؤلف.
245 1 2 _aالأعلام :
_bقاموس تراجم لأشهر الرجال والنساء من العرب والمستعربين والمستشرقين /
_cتأليف خير الدين الزركلى
250 _aالطبعة الحادية عشر
264 _aبيروت (لبنان) :
_bدار العلم للملايين،
_c1995
300 _a8 مجلدات :
_bايضاحيات، صور ؛
_c28 سم
336 _2rdacontent
_atext
337 _2rdamedia
_aUnmediated
338 _2rdacarrier
_avolume
504 _aيشتمل على ارجاعات ببليوجرافية
541 _aد. جابر عصفور ؛
_bالقاهرة ؛
_cإهداء ؛
_d2024.
650 1 7 _aالاستشراق والمستشرقون
_2qrmak
651 1 _2qrmak
_aالعالم العربى
_vتراجم
905 _aHuda
942 _2ddc
_cREF
_e21
_n0
999 _c179812
_d179812